Normal view
MARC view
- Beynon, J. H
Entry Personal Name
001 - CONTROL NUMBER
- control field: 21176
003 - CONTROL NUMBER IDENTIFIER
- control field: OSt
005 - DATE AND TIME OF LATEST TRANSACTION
- control field: 20110401143357.0
008 - FIXED-LENGTH DATA ELEMENTS
- fixed length control field: 110401|||a|||||| | ||| d
040 ## - CATALOGING SOURCE
- Original cataloging agency: OSt
- Transcribing agency: OSt
100 ## - HEADING--PERSONAL NAME
- Personal name: Beynon, J. H
670 ## - SOURCE DATA FOUND
- Source citation: Work cat.: (OSt): Beynon, J. H, Mass spectrometry and its applications to organic chemistry, 1960
670 ## - SOURCE DATA FOUND
- Source citation: Work cat.: (OSt): Beynon, J. H, Mass spectrometry and its applications to organic chemistry, 1960
